000 00542pab a2200193 454500
008 180718b1999 xxu||||| |||| 00| 0 eng d
100 _aBacon, Donald R.
245 _aLessons from the best and worst student team experiences: how a teacher can make the difference
260 _c1999
300 _ap.467-88
362 _aOct
650 _aStudents
650 _aTeachers
650 _aManagement education
700 _aSilver, William S.
700 _aStewart, Kim A.
773 _aJournal of Management Education
909 _a43417
999 _c43417
_d43417